White paper on small and medium enterprises 1983
Сохранить в:
| Формат: | |
|---|---|
| Язык: | Undetermined |
| Опубликовано: |
Tokyo
Ministry of International Trade and Industry
1983
|
| Предметы: | |
| Метки: |
Добавить метку
Нет меток, Требуется 1-ая метка записи!
|
| Thư viện lưu trữ: | Trung tâm Học liệu Trường Đại học Cần Thơ |
|---|
| LEADER | 00538nam a2200181Ia 4500 | ||
|---|---|---|---|
| 001 | CTU_105578 | ||
| 008 | 210402s9999 xx 000 0 und d | ||
| 082 | |a 338.642 | ||
| 082 | |b W582/1983 | ||
| 245 | 0 | |a White paper on small and medium enterprises 1983 | |
| 260 | |a Tokyo | ||
| 260 | |b Ministry of International Trade and Industry | ||
| 260 | |c 1983 | ||
| 650 | |a Small business,Japan | ||
| 650 | |x Periodicals,Commerce,Periodicals | ||
| 650 | |z Japan | ||
| 904 | |i Tuyến | ||
| 980 | |a Trung tâm Học liệu Trường Đại học Cần Thơ | ||